Zobrané spisy. 31 : Marec - apríl 1917 /

Na minha lista:
Detalhes bibliográficos
Autor principal: Lenin, Vladimír Iljič (Author)
Formato: Livro
Idioma:eslovaco
Publicado em: Bratislava : Pravda, 1986
Edição:2.vyd.
Tags: Adicionar Tag
Sem tags, seja o primeiro a adicionar uma tag!

MARC

LEADER 00000nam a22000003a 4500
001 stu3699
005 20150617225813.5
008 951129s1986----cs------------------slo-d
040 |a STU  |b slo 
041 0 |a slo 
044 |a cs 
080 |a 100.13(081) 
100 1 |a Lenin, Vladimír Iljič  |4 aut 
245 1 |a Zobrané spisy. 31 :  |b Marec - apríl 1917 /  |c [aut.] Lenin,Vladimír Iljič 
250 |a 2.vyd. 
260 |a Bratislava :  |b Pravda,  |c 1986 
300 |a 790 s 
996 |b E60297  |c E*60297  |l EE06  |s P  |a 0  |w stu3699_0001